La guerra de África de 1859 a 1860 / (Record no. 68404)

MARC details
000 -LEADER
campo de control de longitud fija 01429nam a2200301 i 4500
001 - NÚMERO DE CONTROL
campo de control 68404
003 - IDENTIFICADOR DE NÚMERO DE CONTROL
campo de control ES-MaACL
005 - FECHA Y HORA DE LA ÚLTIMA TRANSACCIÓN
campo de control 20250526191913.0
007 - CAMPO FIJO DE DESCRIPCIÓN FÍSICA--INFORMACIÓN GENERAL
campo de control de longitud fija t|
008 - DATOS DE LONGITUD FIJA--INFORMACIÓN GENERAL
campo de control de longitud fija 040628s1898 sp |||| | spa d
040 ## - FUENTE DE CATALOGACIÓN
Centro/agencia transcriptor ES-MaACL
100 1# - ENTRADA PRINCIPAL--NOMBRE DE PERSONA
Nombre de persona Martín Arrúe, Francisco.
9 (RLIN) 77397
Término indicativo de función/relación Autor
245 13 - MENCIÓN DEL TÍTULO
Título La guerra de África de 1859 a 1860 /
Mención de responsabilidad, etc. lecciones que explicó en el Curso de Estudios Superiores del Ateneo de Madrid el coronel de Infantería Francisco Martín Arrúe ; extractadas por Antonio García Pérez.
260 ## - PUBLICACIÓN, DISTRIBUCIÓN, ETC.
Lugar de publicación, distribución, etc. Madrid :
Nombre del editor, distribuidor, etc. [s.n.],
Fecha de publicación, distribución, etc. 1898 (
Fabricante Imp. del Cuerpo de Artillería)
300 ## - DESCRIPCIÓN FÍSICA
Extensión 140 p. ;
Dimensiones 23 cm.
490 1# - MENCIÓN DE SERIE
Mención de serie Publicaciones de los "Estudios Militares"
530 ## - NOTA DISPONIBLE DE FORMULARIO FÍSICO ADICIONAL
Nota de formato físico adicional disponible Disponible en formato digital.
610 24 - PUNTO DE ACCESO ADICIONAL DE MATERIA--NOMBRE DE ENTIDAD CORPORATIVA
Nombre de entidad corporativa o nombre de jurisdicción como elemento de entrada Ateneo de Madrid.
Unidad subordinada Escuela de Estudios Superiores (1896-1907)-
Subdivisión de forma Cursos y conferencias.
9 (RLIN) 1959
650 04 - PUNTO DE ACCESO ADICIONAL DE MATERIA--TÉRMINO DE MATERIA
Término de materia o nombre geográfico como elemento de entrada Guerra hispano-marroquí, 1859-1860.
9 (RLIN) 13209
700 1# - ENTRADA AGREGADA--NOMBRE PERSONAL
Nombre de persona García Pérez, Antonio,
Fechas asociadas al nombre 1874-1950
9 (RLIN) 55441
710 2# - ENTRADA AGREGADA--NOMBRE DE ENTIDAD CORPORATIVA
Nombre de entidad corporativa o nombre de jurisdicción como elemento de entrada Ateneo de Madrid.
9 (RLIN) 1875
830 1# - PUNTO DE ACCESO ADICIONAL DE SERIE-TÍTULO UNIFORME
Título uniforme Publicaciones de los "Estudios Militares"
9 (RLIN) 183233
852 ## - LOCALIZACIÓN
Ubicación ES-MaACL
Número de control de estantería T-848-F-8
Nota libre - Enc. en un vol. facticio conservando la enc. original
-- . - Dedicatoria autógrafa del autor
856 ## - LOCALIZACIÓN Y ACCESO ELECTRÓNICOS
Identificador Uniforme de Recursos <a href="http://bibliotecavirtualdefensa.es/BVMDefensa/i18n/consulta/registro.cmd?id=4580">http://bibliotecavirtualdefensa.es/BVMDefensa/i18n/consulta/registro.cmd?id=4580</a>
Nota pública Biblioteca Virtual de Defensa
942 ## - ELEMENTOS DE ENTRADA SECUNDARIOS (KOHA)
Tipo de ítem Koha Libro impreso
Suprimir en OPAC No
Holdings
Estatus retirado Estado de pérdida Fuente del sistema de clasificación o colocación Estado de daño No para préstamo Colección Biblioteca de origen Biblioteca actual Ubicación en estantería Fecha de adquisición Total de préstamos Signatura topográfica completa Código de barras Visto por última vez Tipo de ítem Koha
    Clasificación decimal universal     Fondo Ateneo de Madrid Biblioteca del Ateneo de Madrid Biblioteca del Ateneo de Madrid Depósito folletos 17/01/2008   T-848-F-8 1071605 23/02/2023 Folleto